Los (des)controlados de Companys : (Record n. 21905)

Dettagli MARC
000 -LEADER
fixed length control field 00937nam a2200253 i 4500
003 - CONTROL NUMBER IDENTIFIER
control field IT-RoINE
005 - DATE AND TIME OF LATEST TRANSACTION
control field 20171219054441.0
008 - FIXED-LENGTH DATA ELEMENTS--GENERAL INFORMATION
fixed length control field 161219s2016 sp a r 001 |dspa d
020 ## - INTERNATIONAL STANDARD BOOK NUMBER
International Standard Book Number 9788415570646
040 ## - CATALOGING SOURCE
Original cataloging agency UNAV
Transcribing agency IT-RoINE
Modifying agency IT-RoINE
100 1# - MAIN ENTRY--PERSONAL NAME
Personal name Barraycoa, Javier,
Dates associated with a name 1963-
9 (RLIN) 43218
245 15 - TITLE STATEMENT
Title Los (des)controlados de Companys :
Remainder of title el genocidio catalán, julio 1936-mayo 1937 /
Statement of responsibility, etc Javier Barraycoa.
260 ## - PUBLICATION, DISTRIBUTION, ETC. (IMPRINT)
Place of publication, distribution, etc Madrid :
Name of publisher, distributor, etc Libros Libres,
Date of publication, distribution, etc 2016.
300 ## - PHYSICAL DESCRIPTION
Extent 391 p., [8] p. de lám. ;
Dimensions 24 cm.
336 ## - CONTENT TYPE
Content type term text
Source rdacontent.]
337 ## - MEDIA TYPE
Source rdamedia
Media type term unmediated
338 ## - CARRIER TYPE
Source rdacarrier
Carrier type term volume
500 ## - GENERAL NOTE
General note Incluye índices.
504 ## - BIBLIOGRAPHY, ETC. NOTE
Bibliography, etc Bibliografía: p. [387]-391.
600 14 - SUBJECT ADDED ENTRY--PERSONAL NAME
Personal name Companys y Jover, Luis,
Dates associated with a name 1882-1940
9 (RLIN) 43219
651 #4 - SUBJECT ADDED ENTRY--GEOGRAPHIC NAME
Geographic name Cataluña (España)
General subdivision Historia
Chronological subdivision 1936-1939 (Guerra civil)
9 (RLIN) 15488
651 #4 - SUBJECT ADDED ENTRY--GEOGRAPHIC NAME
Geographic name Cataluña (España)
General subdivision Historia
Chronological subdivision 1936-1939 (Guerra civil)
General subdivision Atrocidades
9 (RLIN) 43220
942 ## - ADDED ENTRY ELEMENTS (KOHA)
Item type Monografías
Dati di copia
Withdrawn status Lost status Damaged status Not for loan Home library Current library Date acquired Full call number Barcode Date last seen Price effective from Koha item type
        Iglesia Nacional Española en Roma Iglesia Nacional Española en Roma 19/12/2017 HIS.ESP.4. 1457 46700 19/12/2017 19/12/2017 Monografías